000 00361 a2200157 4500
001 75388
020 _a978-85-62832-84-0
040 _cAnchieta - Colégio São Paulo
100 _aLins, Bernardo
240 1 0 _aA história das cores
_lpor
245 1 0 _aA história das cores
300 _a25
362 0 _a2015
650 4 _aLiteratura infantil
942 _cBK
999 _c75388
_d75388